[Event "EU-chT (Men) 21st"]
[Site "Heraklion"]
[Date "2017.10.29"]
[Round "2.1"]
[White "Jobava, Baadur"]
[Black "Navara, David"]
[Result "0-1"]
[WhiteElo "2705"]
[BlackElo "2726"]
[Annotator "Fernandez,D"]
[PlyCount "64"]
[EventDate "2017.10.28"]
[EventType "team-swiss"]
[EventRounds "9"]
[EventCountry "GRE"]
[SourceTitle "CBM 182"]
[Source "ChessBase"]
[SourceDate "2018.01.17"]
[SourceVersion "1"]
[SourceVersionDate "2018.01.17"]
[SourceQuality "1"]
[WhiteTeam "Georgia"]
[BlackTeam "Czech Republic"]
[WhiteTeamCountry "GEO"]
[BlackTeamCountry "CZE"]
[WhiteClock "0:01:14"]
[BlackClock "0:04:11"]

{As I first flicked through one of today's biggest clashes (in terms of names,
not countries) my first thought was whether I had time to quickly make a new
special featured game...} 1. e4 c5 2. Nf3 d6 3. c3 ({To nobody's great
surprise, and the delight of his fans everywhere, Jobava 'repents' of his
overly mainstream first two moves, and avoids} 3. d4 {,though it doesn't quite
work out this time. Just who I am to talk, as a self-professed 1.d4 b5 addict,
is another question entirely.}) 3... Nf6 4. Bd3 Nc6 5. Bc2 Bg4 6. d3 (6. h3 $5
Bh5 7. d4 cxd4 8. cxd4 d5 {looks risky only for White}) 6... e6 7. h3 Bh5 8.
Bf4 d5 9. g4 Bg6 10. Nbd2 Bd6 11. e5 Bc7 12. Qe2 Nd7 {The position has now
taken on a vaguely French character. Black wants ...Qb8 or ...f6, so it seems
White has little choice but to grit his teeth and castle.} 13. O-O-O b5 14. d4
{Admitting to being worse.} (14. h4 $5 h5 (14... h6 15. h5 Bh7 16. g5) 15. Rdg1
{is another way of playing, and the position descends into beautiful chaos
after} hxg4 16. Rxg4 Bh5 17. Rxg7 Ncxe5 18. Qe3 (18. Bg5 Qb8 19. d4 $5) (18.
Rxf7 $3 {for shock effect, though it is easily defused by} Nxf7 19. Qxe6+ Kf8
20. Be3 Qe7 21. Qxd5 $15)) 14... Bxc2 15. Kxc2 c4 16. b3 $6 (16. Rb1 $5 b4 17.
Kd1 $17 {It may have been time for one last sprint to the kingside...}) 16...
b4 $1 {Not backing down. After all, one cannot really fear getting beaten by
an opponent whose king is sitting on c3...} 17. bxc4 bxc3 18. Kxc3 Rb8 19. Nb3
Nb6 20. c5 Nc4 21. Bc1 Qc8 $1 $19 {The pieces fall into place.} 22. a3 Qa6 23.
Qa2 O-O 24. Nfd2 Ba5+ 25. Kc2 Bxd2 26. Bxd2 Qa4 (26... Nxa3+ 27. Kb2 Nxd4 {
was a nice flourish}) 27. Kc3 Nxd2 28. Nxd2 Qxd4+ 29. Kc2 Nxe5 30. Nb3 Qc4+ 31.
Kb2 a5 32. Rhe1 a4 {A flawless attacking display starting from a nearly-equal
position. This game reminded me strangely of Polgar-Anand, San Luis 2005, in
which another highly creative 2700 player played a harmless opening, which
quickly turned very nasty indeed for them as if by magic; they were unable to
show their best chess, and their opponents were able to win with apparent ease.
} 0-1

[Event "ISR-ch"]
[Site "Tel Aviv"]
[Date "2002.12.03"]
[Round "9"]
[White "Kantsler, Boris"]
[Black "Porat, Shay"]
[Result "1-0"]
[WhiteElo "2486"]
[BlackElo "2343"]
[Annotator "Finkel,A"]
[PlyCount "73"]
[EventDate "2002.11.24"]
[EventType "swiss"]
[EventRounds "9"]
[EventCountry "ISR"]
[SourceTitle "CBM 093"]
[Source "ChessBase"]
[SourceDate "2003.04.01"]
[SourceVersion "1"]
[SourceVersionDate "2003.04.01"]
[SourceQuality "1"]

1. e4 c5 2. Nf3 d6 3. c3 Nf6 4. Bd3 {Quite poisonous set-up demanding from
black an accurate play to equalize.} g6 5. Bc2 Bg7 6. O-O O-O 7. h3 Nc6 8. Re1
b6 {Appearently looking for complications since black needed to win the game
to reach an IM norm.} (8... Nd7 9. d4 (9. d3 $6 Nde5 10. Nxe5 dxe5 11. a3 a5
12. a4 b6 13. Na3 Ba6 14. Qe2 Ra7 15. Be3 Rd7 16. Red1 Rd6 $13 {Cabrilo,G-Diaz,
J/Vrnjacka Banja 1988}) 9... cxd4 10. cxd4 Qb6 11. d5 Nd4 12. Nc3 Nxf3+ 13.
Qxf3 Ne5 14. Qe2 Bd7 15. Rb1 Rfc8 $132 {Davies,N-Rashkovsky,N/Vrnjacka Banja
1988}) 9. d4 (9. d3 $6 Bb7 10. a3 (10. Nbd2 e5 11. Nc4 b5 12. Ne3 d5 13. Bd2
Re8 14. Qe2 d4 $15 {Ivannikov,V-Anisimov,P/St Petersburg 2000}) 10... e5 11. b4
Qc7 12. Bb3 Rad8 13. Bg5 h6 14. Bxf6 Bxf6 15. Bd5 Ne7 $11 {Cabrilo,
G-Milovanovic,N/Nis 1995}) (9. Na3 Bb7 10. d4 cxd4 11. cxd4 Rc8 12. d5 Nb4 13.
Bb1 Nd7 14. Nb5 a6 15. Nbd4 $14 {Chiburdanidze,M-Sokolov,A/Bilbao 1987}) 9...
cxd4 10. cxd4 (10. Nxd4 Bb7 11. Bg5 Rc8 12. Nf3 b5 13. Nbd2 h6 14. Be3 Nd7 15.
Nd4 a6 $13 {Govedarica,R-Mirkovic,S/Belgrade 1984}) 10... Nb4 11. Bb3 Ba6 {
[%cal Gb4d3] Intending to bring the knight to d3, but it doesn't promise black
any dividents so deserved attention typical d5:} (11... d5 $5 12. e5 Ne4 13. a3
Nc6 14. Qc2 $6 Na5 15. Ba2 Bb7 16. Nh2 Rc8 17. Qe2 Nc6 $13 {Puljek Salai,
Z-Nutu Gajic,D/Split 1989}) 12. Bg5 Rc8 $6 {It wasn' too late for d5, but
probably black had in mind an exchange sacrifice that occured in the game.} (
12... d5 $5 13. exd5 Nbxd5 14. Nc3 Bb7 15. Ne5 Rc8 16. Rc1 $14) 13. Qd2 Nd3 (
13... Nc6 14. Nc3 Na5 15. Bc2 Nc4 16. Qc1 $14) 14. Re3 Rc1+ (14... Nc1 $2 15.
Bc2 $1 $18 {[%csl Rc1]}) (14... d5 15. exd5 $8 Rc1+ 16. Bd1 Rxd1+ 17. Qxd1 Nxb2
18. Qe1 Nxd5 19. Bxe7 Nxe7 20. Rxe7 $16) 15. Bd1 Rxd1+ {This move is forced
because white was threatening to take on d3.} 16. Qxd1 Nxb2 17. Qc2 Nc4 18. Rc3
d5 19. Bxf6 $1 {It's very important to get rid of the knight.} Bxf6 (19... exf6
$5 20. exd5 Qxd5 21. Nbd2 Nxd2 22. Qxd2 Bb7 23. Rac1 $14) 20. e5 Bg7 21. Qa4
Bb7 22. Nbd2 (22. Qxa7 $2 Qd7 {[%csl Ra7][%cal Gf8a8]} 23. Ra3 Nxa3 24. Qxa3
Ra8 $15) 22... a6 $5 23. Qb4 $1 {[%csl Rb6] White needs an open files for his
rooks so he invites black to play b5.} b5 24. a4 Bc6 25. axb5 Bxb5 26. Nb3 {
[%csl Ra6]} f6 $5 (26... Qc7 27. Nc5 Qc6 $14) 27. Re1 fxe5 28. dxe5 {[%cal
Gb3d4]} e6 29. Nbd4 Bd7 (29... Qe8 $5 30. Ng5 Bd7 31. Rxc4 $140 $6 a5 32. Qc3
dxc4 33. Qxc4 Qc8 34. Qxc8 Rxc8 35. Ngxe6 Bh6 $44) 30. Qb7 Bc8 (30... a5 $5)
31. Qa7 Qa5 32. Rcc1 Bh6 $6 33. Rb1 {White rook is finally ready to penitrate
to b8.} (33. Nc6 Qa4 34. Ne7+ Kh8 35. Ra1 Qd7 36. Nxc8 Qxc8 37. Rxa6 $18) 33...
Qa2 34. Rb8 $18 {[%csl Rc8]} Nd2 35. Qc7 $1 Qc4 (35... Nxf3+ 36. Nxf3 Qc4 37.
Qxc4 dxc4 38. Re4 c3 39. Rc4 Bd7 40. Rb7 $18) 36. Nc6 $1 Nxf3+ 37. gxf3 1-0

[Event "ISR-ch"]
[Site "Tel Aviv"]
[Date "2002.11.30"]
[Round "6"]
[White "Finkel, Alexander"]
[Black "Kundin, Alexander"]
[Result "1-0"]
[WhiteElo "2485"]
[BlackElo "2429"]
[Annotator "Finkel,A"]
[PlyCount "75"]
[EventDate "2002.11.24"]
[EventType "swiss"]
[EventRounds "9"]
[EventCountry "ISR"]
[SourceTitle "CBM 093"]
[Source "ChessBase"]
[SourceDate "2003.04.01"]
[SourceVersion "1"]
[SourceVersionDate "2003.04.01"]
[SourceQuality "1"]

1. e4 c5 2. Nf3 d6 3. c3 $5 {Very solid variaiton leading to slow positional
struggle.} Nf6 4. Bd3 Nc6 5. Bc2 Bg4 6. d3 g6 {Keeping in mind to give up a
bishop.} (6... e6 $5) 7. Nbd2 Bg7 8. h3 Bxf3 9. Nxf3 O-O 10. O-O Nd7 (10... b5
11. a3 a5 12. d4 cxd4 13. cxd4 Nd7 14. Be3 a4 15. Bd3 Rb8 16. Qe2 $14 (16. Qe2
Qb6 17. e5 $5 {[%csl Rg7]} Qa6 18. Bf4 {[%cal Ge5e6]} dxe5 19. dxe5 Nc5 20.
Rac1 $14 {Benjamin,J-Gurevich,D/USA-ch semifinal 1998})) 11. Be3 (11. Re1 Rc8 (
11... b5 12. d4 b4 13. Ba4 Rc8 14. Bxc6 Rxc6 15. d5 Rc8 16. c4 $11) 12. Be3 $6
b5 13. d4 b4 $132 {Bitansky,I -Kundin,A/Givataim/1998}) (11. Rb1 b5 12. d4 b4
13. d5 Nce5 14. cxb4 Nxf3+ 15. Qxf3 cxb4 16. Bd2 Qb6 17. Ba4 Nc5 18. Bc6 Rab8
19. Bg5 Bf6 $11 {Yudasin-Zagrebelny, Chigorin memory, 1997}) 11... b5 12. a3 $5
{Geting ready to push d4.} (12. d4 Rb8 (12... Rc8 13. a3 Qc7 14. Bd3 Rb8 15.
Qe2 Qb7 16. b4 cxd4 17. cxd4 a6 18. Rac1 $14 {Martinovic,S-Petursson,M/
Smederevska Palanka 1984}) 13. dxc5 Nxc5 14. Qd5 Rc8 15. Rad1 Qe8 16. a3 a6 17.
Rfe1 Nd7 18. Re2 $14 {Shushpanov,R-Fiedler,B/Policka 1995}) 12... Nb6 13. Qe2
a5 14. Rad1 Qb8 15. d4 $6 {Missing 18th move of black. Much better was} (15.
Bb3 $1 Rc8 16. Ba2 (16. d4 cxd4 17. cxd4 Nc4 18. Bc1 a4 19. Ba2 Qb6) 16... a4
17. Ng5 e6 18. f4 $36 {[%cal Gf4f5] with some initiative on the kingside.})
15... cxd4 16. cxd4 Nc4 17. Bc1 a4 18. Bd3 $6 {Intending to force black to
play N6a5, but...} (18. Bxa4 Rxa4 19. b3 Rxa3 20. bxc4 Ra4 $11) (18. Bb1 $5 Qb6
19. Be3 $11) 18... Rc8 $1 {Defending the pawn on c4 and attacking d4 at the
same time.} 19. Bb1 {Admitting that I was wrong!} (19. Bxc4 bxc4 20. d5 Na5 $15
) 19... Qb6 (19... Nxd4 20. Nxd4 Bxd4) 20. Be3 N6a5 $15 (20... Nxe3 $5 21. fxe3
e6 22. Rf2 Ra7 23. Rdf1 Rac7 $15) 21. Bg5 Ra7 22. e5 {Hoping to get some
counterplay on the kingside.} d5 (22... dxe5 23. dxe5 b4 24. Rfe1 $13) 23. h4
b4 $6 (23... e6 $1 24. h5 b4 $15) 24. axb4 Qxb4 25. e6 Qxb2 $2 {Missing
white's combination.} (25... f5 26. Bc1 a3 27. h5 axb2 (27... Nc6 28. hxg6 hxg6
29. Ng5 (29. b3 Qxb3 30. Ba2 Qb4 31. Nh4 Nxd4 32. Qd3 Nb2 33. Bxb2 axb2 $19)
29... a2 30. Bxa2 Rxa2 31. Qd3 Bf6 32. Qh3 Bxg5 33. Bxg5 $44 {[%cal Gh3h6]})
28. Bf4 Nb3 29. hxg6 hxg6 30. Nh4 Nxd4 31. Rxd4 Bxd4 32. Nxg6 $44) 26. exf7+
Kxf7 27. Ne5+ $1 (27. Bd2 $2 Rc6 28. Ng5+ Kg8 29. Qf3 e6 $17) 27... Bxe5 28.
Qg4 $1 {[%csl Rc8,Re5] Suddenly black is in troubles!} Rd8 (28... e6 29. dxe5
Qxe5 30. Rfe1 Qd6 31. h5 $40 {[%cal Gd1d3,Gd3f3]}) 29. dxe5 Qxe5 30. Rfe1 Qd6
31. h5 Nc6 32. Qh3 $1 Rf8 $8 (32... Kg8 33. hxg6 hxg6 34. Re6 $18) (32... Rg8
33. Qf3+ Ke8 34. Rxd5 $16) 33. Bh6 (33. hxg6+ hxg6 34. Qh7+ Ke8 35. Bxg6+ Kd7
36. Bxe7 Nxe7 37. Rxd5 Qxd5 38. Qxe7+ Kc6 39. Qxa7 $18) 33... Rd8 34. Bg5 Rf8
35. hxg6+ hxg6 36. Be4 $5 Ra5 (36... Nb6 37. Be3 d4 38. Qh7+ Ke8 39. Bxg6+ Kd7
40. Bxd4 Nxd4 41. Rxd4 Qxd4 42. Qxe7+ Kc6 43. Qxf8 $18) 37. Rxd5 $1 {[%csl Re7]
} Rxd5 38. Bxd5+ (38. Bxd5+ Qxd5 39. Qh7+ Ke8 40. Rxe7+ Kd8 41. Rc7+ Qxg5 42.
Qd7#) 1-0

[Event "Candidates FIDE sf2"]
[Site "Sanghi Nagar"]
[Date "1994.??.??"]
[Round "1"]
[White "Kramnik, Vladimir"]
[Black "Gelfand, Boris"]
[Result "1/2-1/2"]
[WhiteElo "2710"]
[BlackElo "2685"]
[Annotator "Ftacnik,L"]
[PlyCount "27"]
[EventDate "1994.07.??"]
[EventType "match"]
[EventRounds "8"]
[EventCountry "IND"]
[SourceTitle "CBM 042"]
[Source "ChessBase"]
[SourceDate "1994.10.01"]
[SourceVersion "1"]
[SourceVersionDate "1994.10.01"]
[SourceQuality "1"]

1. e4 c5 2. Nf3 d6 3. Bb5+ Bd7 4. Bxd7+ Nxd7 5. O-O Ngf6 6. Qe2 e6 7. b3 g6 $5
$146 (7... Be7 8. Bb2 O-O) 8. d4 cxd4 9. Nxd4 Bg7 10. Ba3 (10. Rd1 O-O 11. Ba3
Qb6 12. c4 Rfd8 13. Nc3 a6 $10) 10... Qb6 11. Nc3 (11. Nb5 Nc5 (11... Nxe4 $2
12. Qxe4 Bxa1 13. Nxd6+ Kd8 14. Nxf7+ $18) 12. Nxd6+ (12. e5 Nfe4 13. Bxc5 Qxc5
$13) 12... Qxd6 13. e5 Qc6 14. exf6 Bxf6 15. c3 Ne4 $15) 11... a6 (11... Qxd4
12. Nb5 Qb6 13. Nxd6+ Kd8 14. Nxf7+ Kc7 15. Nxh8 Rxh8 16. Rad1 $16) 12. Rad1
O-O 13. Na4 Qc7 14. c4 (14. c4 Rfd8 15. f4 Rac8 $10) 1/2-1/2

[Event "ISR-ch"]
[Site "Ramat Aviv/Modiin"]
[Date "2000.12.26"]
[Round "9"]
[White "Golod, Vitali"]
[Black "Gershon, Alik"]
[Result "0-1"]
[WhiteElo "2590"]
[BlackElo "2502"]
[Annotator "Gershon,A"]
[PlyCount "62"]
[EventDate "2000.12.17"]
[EventType "tourn"]
[EventRounds "11"]
[EventCountry "ISR"]
[EventCategory "11"]
[SourceTitle "CBM 081"]
[Source "ChessBase"]
[SourceDate "2001.03.20"]
[SourceVersion "1"]
[SourceVersionDate "2001.03.20"]
[SourceQuality "1"]

1. e4 c5 2. Nf3 d6 3. c3 Nf6 4. h3 Nbd7 5. Bd3 b6 6. O-O Bb7 7. Re1 Qc7 8. Bc2
Rc8 {The idea of white's setup is to push d2-d4 at a convinient time, followed
by cxd4 and play for a strong center. For now black has put pressure on the
'c' file forcing white to unnaturally place his pieces in order to advance
d2-d4} 9. Na3 e6 10. b3 (10. d4 $6 {was still bad due to:} cxd4 11. cxd4 (11.
Nb5 Qc5 12. Nbxd4 (12. Nxa7 Ra8 13. cxd4 Qa5 $19) (12. Nfxd4 a6 13. Na3 (13. b4
Qh5 $17) 13... Be7 $15)) 11... d5 {[%cal Gf8a3]} 12. e5 Bxa3 {[%csl Rc2]} 13.
exf6 Qxc2 14. fxg7 Rg8 15. bxa3 Rxg7 $15) 10... Be7 11. Bb2 (11. d4 cxd4 12.
cxd4 d5 13. e5 Bxa3 $2 (13... Ne4 $15) 14. exf6 Nxf6 15. Bxa3 Qxc2 16. Qxc2
Rxc2 17. Rec1 {with a very strong compensation for the pawn}) 11... O-O 12. Rc1
Qb8 13. d4 cxd4 14. cxd4 d5 (14... Qa8 {This was a very serious alternative
for the text, however, I decided that it's better to have the Q on b8 in case
my opponent does not let me take on c2} 15. Nd2 $1 (15. Qe2 $143 Rxc2 $5 16.
Rxc2 Bxe4 $36) 15... d5 16. e5 Ne4 {[%csl Ra8] the Q is useless on 'a8',
unless white takes on e4}) 15. e5 Ne4 16. Nb1 (16. Bxe4 $2 dxe4 17. Nd2 f5 {
[%cal Gb8a8,Ye4e3]} 18. exf6 Nxf6 $17) 16... f5 17. exf6 ({White cannot bear
black N on e4, and with the pawn on f5 he will never be able to remove it} 17.
Qe2 Rc7 $15 {[%cal Gb8e8,Ge8g6,Yf8c8]}) 17... Ndxf6 18. Nbd2 $2 {White cannot
afford himself letting the black lady on f4 as he will be completely paralysed
afterwards.} ({essential was:} 18. Ne5 Bb4 19. Re2 (19. Re3 $4 Nxf2 20. Qe2 (
20. Kxf2 Ng4+ $19) 20... N2e4 $19) 19... Ba6 20. Bd3 Rxc1 21. Qxc1 Bxd3 22.
Nxd3 Bd6 $15 {And although black's position is preferrable white should've
gone for this line}) 18... Qf4 $1 {[%csl Rf2][%cal Ge7b4]} 19. Bd3 (19. a3 $142
Ba6 $1 $17 {With domination} (19... Bxa3 20. Bxa3 Nc3 21. Bxh7+ Nxh7 22. Rxc3
Rxc3 23. Bxf8 $16 {[%csl Ra7,Rc3][%cal Gd1a1]})) (19. Qe2 Bb4 {[%csl Rd2]} 20.
Red1 {[%tqu "En","White is tied up with his pieces. Can you find a way to
exploit it?","","","b7a6","",10]} Ba6 $1 21. Qxa6 (21. Bd3 Bxd3 22. Qxd3 Bxd2
23. Nxd2 Qxf2+ $19) 21... Bxd2 22. Nxd2 (22. Rxd2 Nxd2 23. Bxh7+ Kxh7 24. Rxc8
Rxc8 25. Qxc8 Nxf3+ 26. gxf3 Qxf3 $19 {[%csl Rb2,Rd4,Rf2,Rh3][%cal Gf6e4] with
an easily winning position the black N and the white B simply cannot be
compared}) 22... Qxf2+ 23. Kh1 Nxd2 (23... Ng3+ 24. Kh2 Qf4 25. Kg1 Qe3+ 26.
Kh2 $11) 24. Bxh7+ Kxh7 25. Rxc8 Rxc8 26. Qxc8 Nfe4 27. Rxd2 $8 (27. Qc2 {
[%cal Gc2h7]} Nf3 $3 {[%cal Gf2g1,Gf2c2]} 28. Qb1 (28. Qd3 Nh4 29. Rg1 Qxb2 $19
) 28... Kh8 $19) 27... Qxd2 28. Qc1 (28. Qxe6 Ng3+ 29. Kh2 (29. Kg1 Qxb2 $19)
29... Nf1+ 30. Kg1 Ne3 $19) 28... Qf2 $17) 19... Bb4 20. Rxc8 Rxc8 21. Re2 Nc3
$1 {Strangely enough the B on b2 can become a key defender of white's position,
and after it's exchanged everything begins to fall apart} (21... Bc3 22. Bc1
Ba1 23. Re1 {[%cal Gd2e4]} Nc3 24. Nb1) 22. Bxc3 Rxc3 23. Re3 Ne4 24. Nf1 (24.
Bxe4 dxe4 25. Rxc3 Bxc3 $19) 24... Rc7 $2 {The idea is very strong- to free a
key square for the light pieces.The problem is that for some reason I wanted
to have the R on the 7th rank, however, it's much more important for the R to
be protected. After 24...Rc8 the game is won} (24... Rc8 $142 $1) 25. g3 Qf6 {
[%csl Rc7]} 26. Kg2 Bc3 {[%csl Rd4]} 27. N1h2 (27. Qc2 {[%csl Rc7]} Rc8 {
The main variation where the R should stand on c8, luckily enough in this
position it's not enough for white's saviour} 28. Bxe4 dxe4 29. Rxc3 Qxf3+ $1
$19) 27... h5 $1 {[%csl Rh2]} (27... Bxd4 $4 28. Ng4 $18) (27... Nxf2 28. Kxf2
Bxd4 29. Bxh7+ Kxh7 30. Qxd4 $18) 28. Bb1 $6 (28. Qc2 $1 {the best defense} Rc8
29. Bxe4 dxe4 30. Rxc3 exf3+ 31. Kg1 Rd8 (31... Rxc3 32. Qxc3 Qf5 33. Nf1 $1
Qxh3 34. Ne3 h4 $4 35. g4 $1 {[%csl Rh3] And suddenly black is the one losing})
32. Rc7 Ba8 33. Rxa7 Qxd4 34. Nf1 Be4 35. Qc7 Qf6 {[%cal Gd8d1]} 36. Qxb6 Rd1
$19 {[%cal Gd1f1,Yf6a1,Ye4d3] White has no defense from Rf1, or Bd3}) 28... Bd2
(28... e5 29. Bxe4 dxe4 30. Nxe5 Qd6 31. Nc4 Rxc4 32. bxc4 Bxd4 33. Nf1) 29.
Rxe4 $4 (29. Re2 $142 Rc1 30. Rxd2 Rxd1 31. Rxd1 {Black would still have to
face a lot of techniqal difficulties}) (29. Bxe4 $1 Bxe3 30. Bc2 $1 (30. Bb1
Rc1 31. Qd3 Rxb1 32. Qxb1 Bxd4 $19) 30... Rxc2 (30... Bh6 31. Ne5 $44) 31. Qxc2
Bxd4 32. Qc7 Ba6 33. Qxa7 Bb5 (33... Bd3 $143 34. Qd7 Be4 35. Qe8+ Kh7 36.
Qxh5+ Qh6 {[%cal Gh6d2]} 37. Qxh6+ gxh6 38. Kf1 Bc3 39. Ke2 Bb1 $44) 34. Nxd4
Qxd4 35. Qe7 Qe4+ 36. Nf3 d4 $1 37. Qd8+ Kh7 38. Qxd4 Bc6 39. Qxe4+ Bxe4 40. g4
h4 $19 {[%csl Rf3][%cal Ge4g2,Gh7g8,Gg8f8,Gf8e7,Ge7d6,Gd6c5,Gc5b4,Gb4c3,Gc3d3,
Gd3e2]}) 29... dxe4 30. Nxd2 Qxd4 31. Qe2 (31. Qxh5 Rf7 32. Qe2 Qxd2 $19) (31.
Kg1 e3 32. Bh7+ Kh8 $1 $19) 31... Qxd2 (31... Qxd2 32. Qxd2 e3+ {[%cal Gb7g2]
The B that has moved only once on the 6th move has won the game}) 0-1

[Event "Hoogovens-B"]
[Site "Wijk aan Zee"]
[Date "1999.01.31"]
[Round "11"]
[White "Glek, Igor Vladimirovich"]
[Black "Leitao, Rafael Duailibe"]
[Result "1/2-1/2"]
[WhiteElo "2566"]
[BlackElo "2545"]
[Annotator "Glek,I"]
[PlyCount "145"]
[EventDate "1999.01.19"]
[EventType "tourn"]
[EventRounds "11"]
[EventCountry "NED"]
[EventCategory "11"]
[SourceTitle "EXT 2000"]
[Source "ChessBase"]
[SourceDate "1999.11.16"]
[SourceVersion "1"]
[SourceVersionDate "1999.11.16"]
[SourceQuality "1"]

1. e4 c5 2. Nf3 d6 3. c3 Nf6 4. Be2 Nbd7 5. d3 c4 6. d4 $1 Nxe4 7. Bxc4 e6 8.
O-O Be7 9. Re1 Nef6 10. Qe2 $5 (10. Bd3 O-O 11. c4 b6 12. Nc3 Bb7 $13) 10... h6
(10... O-O $2 11. Bxe6 $1 fxe6 12. Qxe6+ Rf7 13. Ng5 Ne5 (13... Qf8 14. Nxf7
Ne5 15. Nh6+ Kh8 16. Qb3 $18) 14. Nxf7 Bxe6 15. Nxd8 $18) 11. Bd3 (11. Nh4 $1
d5 12. Bd3 $14) 11... O-O 12. c4 Re8 13. Nc3 b6 14. Bd2 Bb7 15. b4 Bf8 16. Qd1
e5 $1 17. d5 b5 $1 $15 18. cxb5 Nxd5 19. Nxd5 Bxd5 20. Be4 $1 Bxe4 21. Rxe4 d5
22. Re2 g6 23. Rc1 Bg7 24. Be1 d4 (24... Nb6 $5) 25. Rc6 Nb6 26. Nd2 Nd5 27.
Ne4 Nf4 28. Rec2 Qd5 29. f3 d3 (29... f5 $15) 30. R2c4 Rad8 (30... Ne2+ 31. Kh1
Rad8) 31. a4 Ne6 32. Bf2 f5 33. Nc3 Qd7 34. Ra6 $138 (34. b6 $1 axb6 35. Bxb6
Rc8 36. b5 $16) 34... Nd4 35. Qxd3 Qf7 36. Qf1 e4 $1 37. fxe4 fxe4 38. Bxd4 $8
Bxd4+ 39. Rxd4 Qxf1+ 40. Kxf1 Rxd4 41. Rxa7 e3 42. b6 e2+ 43. Ke1 $2 (43. Nxe2
$1 Rd1+ 44. Kf2 Rd2 45. b7 $11) 43... Rf4 44. Nxe2 Rxb4 $1 $17 45. a5 $6 (45.
b7 Rb8 46. Kd2 R4xb7 47. Rxb7 Rxb7 48. Kc3 Kf7 $17) 45... Rb2 $19 46. b7 Rexe2+
47. Kd1 Rxg2 48. Kc1 Rgc2+ 49. Kd1 Rxh2 50. Kc1 Rhc2+ 51. Kd1 Rc5 52. a6 Ra5
53. Kc1 Rb6 54. Kd2 h5 55. Kd3 g5 56. Kd4 h4 57. Kd3 g4 58. Ra8+ Kg7 59. b8=Q
Rxb8 60. Rxb8 Rxa6 61. Ke3 Rg6 62. Kf2 g3+ 63. Kg1 Rc6 (63... Kh6 $19) 64. Rb4
Rc1+ $2 (64... h3 65. Rg4+ Rg6 66. Rh4 (66. Ra4 g2 $19 {R4/b}) 66... h2+ 67.
Kg2 Rh6 68. Rg4+ Kf6 69. Kh1 (69. Rf4+ Kg5 70. Rf1 Kg4 71. Ra1 h1=Q+ 72. Rxh1
Rxh1 73. Kxh1 Kf3 $19) 69... Rg6 $19) 65. Kg2 $11 {R4/b} Rc2+ 66. Kg1 Rh2 67.
Rb6 Kf7 68. Rh6 Ke7 69. Rg6 Kf8 70. Rf6+ Ke8 71. Re6+ Kd7 72. Rh6 h3 73. Rg6
1/2-1/2